Statistics for Rugby World Cup Finals - The Referees

Click here to take the quiz!

General Stats

  • This quiz has been taken 54 times
    (23 since last reset)
  • The average score is 3 of 8

Answer Stats

YearCountryReferee% Correct
2015WalesNigel Owens
94%
2019FranceJérôme Garcès
50%
2007IrelandAlain Rolland
39%
2011South AfricaCraig Joubert
39%
1999South AfricaAndre Watson
33%
1987AustraliaKerry Fitzgerald
28%
1991WalesDerek Bevan
17%
1995EnglandEd Morrison
17%

Score Distribution

Percentile by Number Answered

Percent of People with Each Score

Your Score History

You have not taken this quiz since the last reset